Vista normal Vista MARC

Entrada Personal Name

Número de registros utilizados en: 1

001 - CONTROL NUMBER

  • control field: 59607

003 - CONTROL NUMBER IDENTIFIER

  • control field: Utea

005 - DATE AND TIME OF LATEST TRANSACTION

  • control field: 20250930082636.0

008 - FIXED-LENGTH DATA ELEMENTS

  • fixed length control field: 250930|| aca||aabn | a|a d

040 ## - CATALOGING SOURCE

  • Original cataloging agency: Utea
  • Transcribing agency: Utea

100 ## - HEADING--PERSONAL NAME

  • Personal name: Contreras López, Alfonso, Molero Meneses Mariano

670 ## - SOURCE DATA FOUND

  • Source citation: Work cat.: (Utea)17414: Muñoz Camacho, Eugenio Autor 59604, Ingeniería del medio ambiente / , 2018